书目信息 |
| 书名: | 20,000 leagues under the sea | |
| 作者: | ||
| 分册号: | ||
| 分册名: | 出版地: | New York : |
|
| 出版社: | Airmont Books | |
| 出版时间: | [1963]. | |
| 页数: | 288 p. ; | |
| 开本: | 18 cm. | |
| 丛书名: | Airmont classic | |
| 中图分类号: | ||
| 科图分类号: | ||
| 其他分类号: | H319.4 | |
| 主题词: | ||
| 电子资源: | ||
| 000 | 00606nam 2200217I 4504 | |
| 001 | E0758294495 | |
| 003 | OCoLC | |
| 005 | 20070301161315.96 | |
| 008 | 030430s1963 nyu 000 0 eng d | |
| 020 | @a0804900124. | |
| 040 | @aCXP@cCXP@dOUN | |
| 041 | 1 | @aeng@hfre |
| 090 | @aK546.862/W6E | |
| 090 | @aH319.4 | |
| 099 | @dH319.4@ex170 | |
| 100 | 1 | @aVerne, Jules,@d1828-1905. |
| 245 | 10 | @a20,000 leagues under the sea. |
| 260 | @aNew York :@bAirmont Books,@c[1963]. | |
| 300 | @a288 p. ;@c18 cm. | |
| 440 | 0 | @aAirmont classic ;@vCL12. |
| 730 | 0 | @aVingt mille lieues sous les mers.@lEnglish. |
| 20,000 leagues under the sea.-New York : : Airmont Books, , [1963]. |
| 288 p. ; ; 18 cm.- (Airmont classic ; CL12. ) |
| ISBN 0804900124. |
| ● |
| 相关链接 |
|
|
|
|
正题名:20,000 leagues under the sea
索取号:H319.4/x170
 
预约/预借
| 序号 | 登录号 | 条形码 | 馆藏地/架位号 | 状态 | 备注 |
| 1 | 126974 | 001436306 | 第四借阅区/ [索取号:H319.4/x170] | 在馆 | |
| 2 | 126975 | 001436280 | 第四借阅区/ [索取号:H319.4/x170] | 在馆 | |
| 3 | 126976 | 001436253 | 第四借阅区/ [索取号:H319.4/x170] | 在馆 | |
| 4 | 126977 | 001436271 | 第四借阅区/ [索取号:H319.4/x170] | 在馆 | |
| 5 | 126980 | 001436244 | 第四借阅区/ [索取号:H319.4/x170] | 在馆 | |
| 6 | 126981 | 001436299 | 第四借阅区/ [索取号:H319.4/x170] | 在馆 | |
| 7 | 126982 | 001436262 | 第四借阅区/ [索取号:H319.4/x170] | 在馆 |